[Event "WECU Championship"]
[Site "Exmouth"]
[Date "2003.04.18"]
[Round "1"]
[White "Rudd, Jack"]
[Black "Sapiecha, Michael W"]
[Result "1-0"]
[WhiteElo "2200"]
[BlackElo "1864"]
[PlyCount "111"]
[EventDate "2003.??.??"]

1. e4 c5 2. Nf3 e6 3. d4 cxd4 4. Nxd4 Nf6 5. Nc3 a6 6. e5 Nd5 7. Nxd5 exd5 8.
Bd3 Nc6 9. Nf3 d6 10. exd6 Bxd6 11. Qe2+ Qe7 12. Qxe7+ Nxe7 13. O-O O-O 14. c3
Rd8 15. Nd4 Bg4 16. Be3 Ng6 17. f3 Bd7 18. Rad1 Re8 19. Rfe1 Nf4 20. Bc2 Re7
21. Bf2 Rae8 22. Kf1 Be5 23. Nf5 Bb5+ 24. Kg1 Re6 25. g3 Nh3+ 26. Kg2 Nxf2 27.
Kxf2 Bc7 28. Rxe6 fxe6 29. Nd4 Bb6 30. Kg2 Bd7 31. f4 e5 32. fxe5 Rxe5 33. Bb3
Bc6 34. Nxc6 bxc6 35. c4 Re2+ 36. Kh1 Rxb2 37. cxd5 cxd5 38. Rxd5 Kf8 39. Rd6
Bc5 40. Rc6 Bd4 41. Rxa6 Bf6 42. Ra7 Ke8 43. Bd5 h6 44. a4 Kd8 45. a5 Kc8 46.
a6 Kb8 47. Rf7 Bd4 48. h4 g5 49. h5 g4 50. Rf4 Be3 51. Rxg4 Ka7 52. Bc4 Rb4 53.
Kg2 Bg5 54. Re4 Rxc4 55. Rxc4 Kxa6 56. Rc5 1-0

[Event "WECU Championship"]
[Site "Exmouth"]
[Date "2003.04.18"]
[Round "1"]
[White "Chaplin, Peter E"]
[Black "Cutmore, DA."]
[Result "1-0"]
[WhiteElo "2032"]
[BlackElo "1848"]
[PlyCount "75"]
[EventDate "2003.??.??"]

1. Nc3 Nf6 2. e4 e6 3. e5 Nd5 4. Nxd5 exd5 5. Qf3 d6 6. Qxd5 Nc6 7. Bb5 Bd7 8.
exd6 Bxd6 9. Qe4+ Be7 10. d4 a6 11. Bd3 Nb4 12. d5 Nxd3+ 13. Qxd3 O-O 14. Be3
Bf6 15. O-O-O Qc8 16. Ne2 Bf5 17. Qd2 c5 18. Bg5 Qd8 19. Bxf6 Qxf6 20. f3 Rad8
21. Ng3 Be6 22. Ne4 Qg6 23. c4 b5 24. Nxc5 bxc4 25. Nxe6 fxe6 26. d6 Rf5 27.
Qc2 Qg5+ 28. Kb1 Rd5 29. Qxc4 Qxg2 30. Rhg1 Qxf3 31. Rxd5 Qxd5 32. Qc7 Qf5+ 33.
Ka1 Qf8 34. Rxg7+ Qxg7 35. Qxd8+ Qf8 36. Qg5+ Kh8 37. Qe5+ Kg8 38. Qxe6+ 1-0

[Event "WECU Championship"]
[Site "Exmouth"]
[Date "2003.04.18"]
[Round "1"]
[White "Wilkinson, John R"]
[Black "Moore, Gerald"]
[Result "1-0"]
[WhiteElo "1880"]
[BlackElo "2216"]
[PlyCount "92"]
[EventDate "2003.??.??"]

1. d4 Nf6 2. c4 g6 3. g3 Bg7 4. Bg2 d5 5. cxd5 Nxd5 6. e4 Nb6 7. Ne2 e5 8. d5
c6 9. Nbc3 cxd5 10. exd5 O-O 11. O-O Na6 12. b3 Re8 13. h3 Bd7 14. Ba3 Bf8 15.
Bxf8 Rxf8 16. Qd2 Rc8 17. Rac1 Nc5 18. b4 Nc4 19. Qh6 Nd3 20. Rb1 f5 21. Rfd1
e4 22. Nf4 Nxf4 23. Qxf4 Qf6 24. Rb3 g5 25. Qc1 Nd6 26. Qa1 Rc7 27. a4 Rfc8 28.
Nb5 Qxa1 29. Rxa1 Rc1+ 30. Rxc1 Rxc1+ 31. Kh2 Bxb5 32. axb5 Nxb5 33. g4 fxg4
34. hxg4 Rc3 35. Rb2 Nd6 36. Ra2 a6 37. b5 axb5 38. Ra8+ Kf7 39. Rh8 b4 40.
Rxh7+ Kf6 41. Rh6+ Ke5 42. Rxd6 Kxd6 43. Bxe4 b3 44. f3 b2 45. Kg3 Ke5 46. d6
Kxd6 1-0

[Event "WECU Championship"]
[Site "Exmouth"]
[Date "2003.04.18"]
[Round "1"]
[White "Cutmore, Martin"]
[Black "Turner, Matthew"]
[Result "0-1"]
[WhiteElo "1896"]
[BlackElo "2496"]
[PlyCount "54"]
[EventDate "2003.??.??"]

1. d4 Nf6 2. c4 e6 3. Nc3 Bb4 4. f3 c5 5. d5 b5 6. e4 bxc4 7. Bxc4 Nxd5 8. Bxd5
exd5 9. Qxd5 Nc6 10. Nge2 Ba6 11. Kf2 O-O 12. Be3 Rb8 13. Rad1 Qa5 14. Bf4 Bxc3
15. bxc3 Bxe2 16. Kxe2 Rb2+ 17. Rd2 Qxc3 18. Rhd1 Nd4+ 19. Kf2 Rxd2+ 20. Rxd2
h6 21. Qxd7 Ne6 22. Rd3 Qc4 23. Be3 Rd8 24. Qxd8+ Nxd8 25. Rxd8+ Kh7 26. Rd2 a5
27. Ke1 Qc1+ 0-1

[Event "WECU Championship"]
[Site "Exmouth"]
[Date "2003.04.18"]
[Round "1"]
[White "Crouch, C."]
[Black "Egginton, David C"]
[Result "1-0"]
[WhiteElo "2344"]
[BlackElo "1880"]
[PlyCount "111"]
[EventDate "2003.??.??"]

1. d4 Nf6 2. c4 e6 3. Nf3 c5 4. d5 exd5 5. cxd5 d6 6. Nc3 g6 7. e4 a6 8. Bd3
Bg4 9. h3 Bxf3 10. Qxf3 Bg7 11. O-O O-O 12. Bf4 Qc7 13. Rac1 Nbd7 14. b4 Nh5
15. Bh2 Ne5 16. Bxe5 Bxe5 17. Ne2 b6 18. Qe3 Bh8 19. f4 Qe7 20. bxc5 bxc5 21.
Qf3 Ng7 22. Bc4 Ne8 23. Ng3 Nc7 24. e5 Nb5 25. Bxb5 axb5 26. Ne4 dxe5 27. f5
Qd7 28. Rxc5 Qxf5 29. Qxf5 gxf5 30. Rxf5 Rxa2 31. Rxb5 Ra4 32. Rg5+ Bg7 33.
Nf6+ Kh8 34. Nh5 Rg8 35. Nxg7 Ra1+ 36. Kf2 h6 37. Rxe5 Kxg7 38. Rf5 Ra2+ 39.
Kf3 Ra1 40. Ke4 Re8+ 41. Kd4 Re7 42. g4 Ra6 43. Rf3 Rd7 44. Rfb3 Rad6 45. Rc5
Kf8 46. Rb8+ Ke7 47. Rh8 Rg6 48. Rcc8 Kf6 49. Rc6+ Kg7 50. Rxg6+ fxg6 51. Re8
h5 52. g5 Kf7 53. Re6 Ra7 54. Rf6+ Kg7 55. d6 Ra1 56. h4 1-0

[Event "WECU Championship"]
[Site "Exmouth"]
[Date "2003.04.18"]
[Round "1"]
[White "Gosling, Brian"]
[Black "Pleasants, Allan J"]
[Result "1/2-1/2"]
[WhiteElo "1840"]
[BlackElo "2000"]
[PlyCount "61"]
[EventDate "2003.??.??"]

1. d4 Nf6 2. Nf3 b6 3. e3 Bb7 4. Bd3 e6 5. Nbd2 c5 6. c3 Nc6 7. O-O Be7 8. Re1
Qc7 9. a3 d5 10. e4 dxe4 11. Nxe4 cxd4 12. cxd4 Rd8 13. Bg5 Nd5 14. Rc1 f6 15.
Nxf6+ gxf6 16. Bh6 Qd6 17. Nd2 Nxd4 18. Qa4+ Nc6 19. Bb5 Rc8 20. Qxa7 Ba8 21.
Ne4 Qc7 22. Qxa8 Rxa8 23. Rxc6 Qd7 24. Rxe6 Qxb5 25. Nd6+ Kd7 26. Nxb5 Ra6 27.
a4 Bb4 28. R1e2 Rxa4 29. g3 Bc5 30. R6e4 Ra1+ 31. Kg2 1/2-1/2

[Event "WECU Championship"]
[Site "Exmouth"]
[Date "2003.04.18"]
[Round "1"]
[White "Mills, Andrew"]
[Black "Ponter, Ian"]
[Result "0-1"]
[WhiteElo "1776"]
[BlackElo "1904"]
[PlyCount "46"]
[EventDate "2003.??.??"]

1. d4 d5 2. c4 e6 3. Nc3 Nf6 4. cxd5 exd5 5. Bg5 Be7 6. Bxf6 Bxf6 7. Nf3 O-O 8.
e4 dxe4 9. Nxe4 Re8 10. Ne5 Bxe5 11. dxe5 Qxd1+ 12. Rxd1 Nc6 13. f4 f6 14. Bc4+
Kh8 15. O-O h6 16. exf6 Rxe4 17. f7 Bf5 18. Bd3 Rf8 19. Bxe4 Bxe4 20. Rfe1 Bg6
21. Re7 Rxf7 22. Rf1 Kh7 23. Rxc7 Rxc7 0-1

[Event "WECU Championship"]
[Site "Exmouth"]
[Date "2003.04.18"]
[Round "1"]
[White "Bolt, G."]
[Black "Abbott, MV."]
[Result "1-0"]
[WhiteElo "1960"]
[BlackElo "1776"]
[PlyCount "73"]
[EventDate "2003.??.??"]

1. e4 c5 2. Nf3 Nc6 3. d4 cxd4 4. Nxd4 g6 5. c4 Nf6 6. Nc3 d6 7. Be2 Nxd4 8.
Qxd4 Bg7 9. Qd1 O-O 10. O-O Bd7 11. Be3 a6 12. Rc1 b5 13. f3 b4 14. Na4 Bxa4
15. Qxa4 Nd7 16. b3 a5 17. Rfd1 Qc7 18. Qb5 Rab8 19. Qg5 Bf6 20. Qg3 Nc5 21.
Rd5 Rfc8 22. Bd1 Be5 23. f4 Bg7 24. Bc2 e6 25. Rdd1 a4 26. f5 axb3 27. axb3 Be5
28. Bf4 Bxf4 29. Qxf4 e5 30. Qg5 Qd8 31. f6 Ne6 32. Qh4 Qb6+ 33. Kh1 Rd8 34.
Rd3 h5 35. g4 hxg4 36. Rf1 Nf4 37. Rxf4 1-0

[Event "WECU Championship"]
[Site "Exmouth"]
[Date "2003.04.18"]
[Round "1"]
[White "Bareham, DC."]
[Black "Neat, Roger J"]
[Result "1-0"]
[WhiteElo "1920"]
[BlackElo "1568"]
[PlyCount "55"]
[EventDate "2003.??.??"]

1. e4 c6 2. d4 d5 3. e5 Bf5 4. Nf3 e6 5. Be2 Nd7 6. O-O Be7 7. Re1 Qb6 8. c3
O-O-O 9. b4 h6 10. a4 a5 11. bxa5 Qxa5 12. Bd2 Nb8 13. Qb3 g5 14. Rc1 g4 15.
Ne1 Bg5 16. Ra2 Bxd2 17. Nxd2 Ne7 18. Qa3 Ng6 19. Nb3 Qc7 20. a5 Nf4 21. Bf1
Na6 22. Rb2 Rhe8 23. Bxa6 bxa6 24. Nc5 Qa7 25. Rb7 Qxb7 26. Nxb7 Kxb7 27. Rd1
Rc8 28. Qc5 1-0

[Event "WECU Championship"]
[Site "Exmouth"]
[Date "2003.04.18"]
[Round "2"]
[White "Ponter, Ian"]
[Black "Rudd, Jack"]
[Result "0-1"]
[WhiteElo "1904"]
[BlackElo "2200"]
[PlyCount "56"]
[EventDate "2003.??.??"]

1. e4 e5 2. Nf3 Nc6 3. Bc4 Nf6 4. Ng5 d5 5. exd5 Na5 6. Bb5+ c6 7. dxc6 bxc6 8.
Be2 h6 9. Nf3 e4 10. Ne5 Bd6 11. d4 exd3 12. Nxd3 Qc7 13. b3 O-O 14. Bb2 Re8
15. h3 Bf5 16. O-O Rad8 17. Nc3 Qc8 18. f4 c5 19. Qc1 c4 20. Ne5 Rxe5 21. fxe5
Qc5+ 22. Rf2 Qxe5 23. g4 Qg3+ 24. Rg2 Qxh3 25. gxf5 Bc5+ 26. Rf2 Qg3+ 27. Kh1
Bxf2 28. Qf1 Rd4 0-1

[Event "WECU Championship"]
[Site "Exmouth"]
[Date "2003.04.18"]
[Round "2"]
[White "Dilleigh, Stephen"]
[Black "Gosling, Brian"]
[Result "1-0"]
[WhiteElo "2072"]
[BlackElo "1840"]
[PlyCount "68"]
[EventDate "2003.??.??"]

1. d4 d5 2. c4 e6 3. Nc3 Be7 4. Nf3 Nf6 5. Bg5 O-O 6. e3 h6 7. Bh4 Ne4 8. Bxe7
Qxe7 9. Rc1 Nxc3 10. Rxc3 c6 11. Bd3 dxc4 12. Rxc4 Nd7 13. Bb1 Nb6 14. Qc2 f5
15. Rc5 Nd5 16. Qb3 b6 17. Rxc6 Bb7 18. Rc1 Kh8 19. O-O Nf6 20. Ne5 Kh7 21. f3
Rac8 22. a3 Rfd8 23. Rxc8 Rxc8 24. e4 Qd6 25. Qe3 f4 26. Qf2 Kg8 27. Rd1 Rd8
28. Bc2 Nd7 29. Nxd7 Qxd7 30. Qe2 Qc8 31. Bb3 Ba6 32. Qd2 Kf7 33. Qxf4+ Ke7 34.
Rc1 Qd7 1-0

[Event "WECU Championship"]
[Site "Exmouth"]
[Date "2003.04.18"]
[Round "2"]
[White "Moore, Gerald"]
[Black "Bareham, DC."]
[Result "1-0"]
[WhiteElo "2216"]
[BlackElo "1920"]
[PlyCount "39"]
[EventDate "2003.??.??"]

1. Nf3 Nf6 2. c4 Nc6 3. d4 e6 4. a3 d5 5. Nc3 Be7 6. Bf4 O-O 7. e3 Nh5 8. Bg3
dxc4 9. Bxc4 Nxg3 10. hxg3 Bf6 11. Qc2 g6 12. Rd1 Qe7 13. Qe4 Re8 14. g4 Bd7
15. Qf4 e5 16. dxe5 Bxe5 17. Nxe5 Nxe5 18. Nd5 Qc5 19. Nf6+ Kf8 20. Nxd7+ 1-0

[Event "WECU Championship"]
[Site "Exmouth"]
[Date "2003.04.18"]
[Round "2"]
[White "Turner, Matthew"]
[Black "Chaplin, Peter E"]
[Result "1-0"]
[WhiteElo "2496"]
[BlackElo "2032"]
[PlyCount "55"]
[EventDate "2003.??.??"]

1. c4 c6 2. Nf3 d5 3. d4 Nf6 4. e3 e6 5. Nbd2 Bd6 6. Bd3 Nbd7 7. O-O O-O 8. e4
dxe4 9. Nxe4 Nxe4 10. Bxe4 Nf6 11. Bc2 h6 12. Be3 b6 13. Qc1 c5 14. dxc5 bxc5
15. Bxh6 Ng4 16. Bf4 Qc7 17. Bxd6 Qxd6 18. Qg5 Nf6 19. Ne5 Bb7 20. Rad1 Qb6 21.
Rd3 Qxb2 22. Rg3 Ne8 23. Nd7 f6 24. Qg6 Bc6 25. Qh7+ Kf7 26. Rxg7+ Nxg7 27.
Bg6+ Ke7 28. Qxg7+ 1-0

[Event "WECU Championship"]
[Site "Exmouth"]
[Date "2003.04.18"]
[Round "2"]
[White "Bolt, G."]
[Black "Crouch, C."]
[Result "1/2-1/2"]
[WhiteElo "1960"]
[BlackElo "2344"]
[PlyCount "49"]
[EventDate "2003.??.??"]

1. e4 Nf6 2. e5 Nd5 3. c4 Nb6 4. d4 d6 5. exd6 exd6 6. Nf3 Be7 7. Nc3 O-O 8.
Be2 Bg4 9. b3 c5 10. Be3 Nc6 11. O-O Bf6 12. Ne4 Bxf3 13. Nxf6+ Qxf6 14. Bxf3
cxd4 15. Bxc6 dxe3 16. Bxb7 Rae8 17. fxe3 Qe7 18. Bf3 Qxe3+ 19. Kh1 Qc5 20. Qd2
Re6 21. Rad1 Rfe8 22. Bg4 Re4 23. Bf3 R4e6 24. Bg4 Re4 25. Bf3 1/2-1/2

[Event "WECU Championship"]
[Site "Exmouth"]
[Date "2003.04.18"]
[Round "2"]
[White "Shire, David J"]
[Black "Therrien, Alex L"]
[Result "0-1"]
[WhiteElo "1928"]
[BlackElo "1784"]
[PlyCount "70"]
[EventDate "2003.??.??"]

1. d4 Nf6 2. c4 e6 3. Nc3 Bb4 4. Nf3 b6 5. e3 Ne4 6. Qc2 Bb7 7. Bd3 f5 8. O-O
Bxc3 9. bxc3 O-O 10. Ne1 Nd6 11. Ba3 Rf6 12. f3 Ba6 13. c5 Bxd3 14. Qxd3 bxc5
15. Bxc5 Nc6 16. Nc2 Nb7 17. Ba3 d5 18. e4 Nba5 19. exf5 exf5 20. Ne3 Qd7 21.
c4 Nxc4 22. Nxc4 dxc4 23. Qxc4+ Kh8 24. Rad1 Re8 25. d5 Ne5 26. Qd4 Ra6 27. Bb2
Ng6 28. Rfe1 Rxe1+ 29. Rxe1 h6 30. a3 Rd6 31. Qxa7 Rxd5 32. Bc3 Qc6 33. Qb8+
Kh7 34. Qb2 Nf4 35. Re7 Qc5+ 0-1

[Event "WECU Championship"]
[Site "Exmouth"]
[Date "2003.04.18"]
[Round "2"]
[White "Pleasants, Allan J"]
[Black "Wynarczyk, Raymond"]
[Result "1/2-1/2"]
[WhiteElo "2000"]
[BlackElo "1864"]
[PlyCount "87"]
[EventDate "2003.??.??"]

1. e4 c5 2. Nc3 d6 3. g3 Nc6 4. Bg2 g6 5. d3 Bg7 6. Be3 Rb8 7. Nge2 b5 8. O-O
b4 9. Na4 Bg4 10. f3 Bd7 11. Rf2 e6 12. Rb1 Nge7 13. b3 O-O 14. Nb2 Ne5 15. h3
Qa5 16. f4 N5c6 17. Nc4 Qc7 18. d4 cxd4 19. Nxd4 d5 20. Nb2 dxe4 21. Bxe4 Nd5
22. Bxd5 exd5 23. Nxc6 Qxc6 24. Bxa7 Ra8 25. Bd4 Rxa2 26. Bxg7 Kxg7 27. Qd4+
Qf6 28. Qxd5 Bxh3 29. Nd3 Qb6 30. Rc1 Bf5 31. Qe5+ f6 32. Qe7+ Rf7 33. Qxb4 Qe3
34. Qd2 Qxg3+ 35. Rg2 Qf3 36. Rf1 Qd5 37. Nb4 Qc5+ 38. Kh2 Raa7 39. Rg3 Rfd7
40. Nd3 Bxd3 41. Rxd3 Qh5+ 42. Kg3 Re7 43. Re1 Qc5 44. Rde3 1/2-1/2

[Event "WECU Championship"]
[Site "Exmouth"]
[Date "2003.04.18"]
[Round "2"]
[White "George, Ian"]
[Black "Carpenter, P.."]
[Result "1/2-1/2"]
[WhiteElo "1952"]
[BlackElo "1880"]
[PlyCount "37"]
[EventDate "2003.??.??"]

1. e4 c6 2. d4 d5 3. exd5 cxd5 4. Bd3 g6 5. Nf3 Bg7 6. O-O Nf6 7. Re1 O-O 8. h3
Nc6 9. c3 Qc7 10. Bg5 Re8 11. Nbd2 Bd7 12. Ne5 Nh5 13. Nxd7 Qxd7 14. Be2 Nf6
15. Bxf6 Bxf6 16. f4 Qc7 17. Rf1 Qb6 18. Nb3 e6 19. Qd2 1/2-1/2

[Event "WECU Championship"]
[Site "Exmouth"]
[Date "2003.04.18"]
[Round "2"]
[White "Neat, Roger J"]
[Black "Wilkinson, John R"]
[Result "1/2-1/2"]
[WhiteElo "1568"]
[BlackElo "1880"]
[PlyCount "36"]
[EventDate "2003.??.??"]

1. d4 Nf6 2. Nf3 d5 3. Bf4 c5 4. e3 e6 5. c3 Nc6 6. Nbd2 Bd6 7. Bg3 O-O 8. Bd3
b6 9. O-O Bb7 10. Bh4 Ne7 11. Bxf6 gxf6 12. Nh4 Ng6 13. Qh5 f5 14. Ndf3 Qf6 15.
Ng5 Qg7 16. Bxf5 Nxh4 17. Bxh7+ Kh8 18. Bg6+ Kg8 1/2-1/2

[Event "WECU Championship"]
[Site "Exmouth"]
[Date "2003.04.18"]
[Round "2"]
[White "Egginton, David C"]
[Black "Mills, Andrew"]
[Result "1-0"]
[WhiteElo "1880"]
[BlackElo "1776"]
[PlyCount "51"]
[EventDate "2003.??.??"]

1. c4 e5 2. g3 Nf6 3. Bg2 Bc5 4. Nc3 c6 5. e3 O-O 6. Nge2 d5 7. cxd5 cxd5 8. d4
exd4 9. Nxd4 Bxd4 10. Qxd4 Nc6 11. Qh4 Re8 12. O-O Bf5 13. b3 Ne5 14. h3 Rc8
15. Bd2 Qd7 16. g4 Ng6 17. Qg3 Be6 18. Rfd1 Ne4 19. Nxe4 dxe4 20. Rac1 Rxc1 21.
Rxc1 Rc8 22. Rxc8+ Qxc8 23. Qd6 Qc2 24. Qd8+ Nf8 25. Bb4 Qd1+ 26. Kh2 1-0

[Event "WECU Championship"]
[Site "Exmouth"]
[Date "2003.04.19"]
[Round "3"]
[White "Cutmore, Martin"]
[Black "Bolt, G."]
[Result "1-0"]
[WhiteElo "1896"]
[BlackElo "1960"]
[PlyCount "93"]
[EventDate "2003.??.??"]

1. d4 Nf6 2. c4 g6 3. Nc3 d5 4. Nf3 Bg7 5. Bg5 Ne4 6. cxd5 Nxg5 7. Nxg5 e6 8.
Qd2 h6 9. Nh3 O-O 10. dxe6 Bxe6 11. e3 c5 12. d5 Bxh3 13. gxh3 Nd7 14. O-O-O a6
15. d6 Qa5 16. Kb1 b5 17. Bg2 Rab8 18. Nd5 Qxd2 19. Ne7+ Kh7 20. Rxd2 c4 21.
Rc1 Rb6 22. f4 f5 23. Bc6 Rd8 24. e4 fxe4 25. Bxe4 Nc5 26. Bxg6+ Kh8 27. Rcd1
Bf6 28. Bc2 Nd3 29. Nd5 Rbxd6 30. Nxf6 Rxf6 31. Bxd3 cxd3 32. Rxd3 Rxd3 33.
Rxd3 Rxf4 34. Rd6 Rh4 35. Rxa6 Rxh3 36. Ra5 Rxh2 37. Rxb5 Kg7 38. a4 Rh1+ 39.
Ka2 Rf1 40. a5 Rf8 41. b4 Kg6 42. a6 h5 43. Ra5 h4 44. Ra3 Ra8 45. b5 Kg5 46.
b6 h3 47. b7 1-0

[Event "WECU Championship"]
[Site "Exmouth"]
[Date "2003.04.19"]
[Round "3"]
[White "Therrien, Alex L"]
[Black "Dilleigh, Stephen"]
[Result "0-1"]
[WhiteElo "1784"]
[BlackElo "2072"]
[PlyCount "68"]
[EventDate "2003.??.??"]

1. e4 d6 2. d4 Nf6 3. Nc3 g6 4. Be3 c6 5. Qd2 b5 6. f3 Nbd7 7. d5 cxd5 8. Nxd5
a6 9. Nxf6+ Nxf6 10. a4 Bd7 11. a5 Bg7 12. Ne2 Qc7 13. Bb6 Qb7 14. Rd1 O-O 15.
Nf4 Rac8 16. Be2 Bc6 17. Nd5 Bxd5 18. exd5 Nd7 19. c3 Nxb6 20. axb6 Qxb6 21.
Bd3 Qc5 22. Bb1 Rb8 23. Qf2 Rfc8 24. Bd3 Qxd5 25. O-O Qc5 26. Ra1 Qxf2+ 27.
Kxf2 Rb6 28. Ra2 d5 29. Rfa1 Rcc6 30. Ke2 e6 31. Kd2 Kf8 32. Be2 Ke7 33. g3 b4
34. Rxa6 bxc3+ 0-1

[Event "WECU Championship"]
[Site "Exmouth"]
[Date "2003.04.19"]
[Round "3"]
[White "Chaplin, Peter E"]
[Black "Egginton, David C"]
[Result "1-0"]
[WhiteElo "2032"]
[BlackElo "1880"]
[PlyCount "73"]
[EventDate "2003.??.??"]

1. Nc3 d5 2. e4 c6 3. d4 dxe4 4. f3 e3 5. Bxe3 Bf5 6. Qd2 e6 7. O-O-O Nd7 8.
Nge2 Nb6 9. Ng3 Bg6 10. h4 h6 11. h5 Bh7 12. Bd3 Bxd3 13. Qxd3 Qc7 14. Bf2 Ne7
15. Rhe1 Ned5 16. Nce2 Nb4 17. Qb3 a5 18. Kb1 N6d5 19. a4 b5 20. Ne4 bxa4 21.
Qxa4 Nb6 22. Qb3 a4 23. Qc3 N4d5 24. Qd3 Bd6 25. c4 Nf4 26. Nxf4 Bxf4 27. g3
Bg5 28. d5 cxd5 29. cxd5 O-O 30. d6 Qb7 31. Nxg5 hxg5 32. h6 gxh6 33. Rh1 f6
34. Qg6+ Qg7 35. Qxg7+ Kxg7 36. Bxb6 Rab8 37. Bc7 1-0

[Event "WECU Championship"]
[Site "Exmouth"]
[Date "2003.04.19"]
[Round "3"]
[White "Wynarczyk, Raymond"]
[Black "George, Ian"]
[Result "0-1"]
[WhiteElo "1864"]
[BlackElo "1952"]
[PlyCount "88"]
[EventDate "2003.??.??"]

1. e4 c5 2. Nf3 e6 3. d4 cxd4 4. Nxd4 Nf6 5. Nc3 Nc6 6. Bg5 Qb6 7. Nb3 Be7 8.
Qd2 O-O 9. O-O-O Ng4 10. Bxe7 Nxe7 11. h3 Nxf2 12. Na4 Qc6 13. Qxf2 Qxa4 14.
Rd4 Qc6 15. Rc4 Qd6 16. Be2 Ng6 17. g3 Ne5 18. Rd4 Qe7 19. Rhd1 b6 20. Bb5 Bb7
21. Qf4 Ng6 22. Qd2 d5 23. h4 e5 24. Ra4 d4 25. h5 Nh8 26. Bd3 f6 27. Qe2 Nf7
28. Bc4 Kh8 29. Kb1 Nd6 30. Bd3 Bc6 31. Ra3 a5 32. Nd2 b5 33. c3 b4 34. cxb4
axb4 35. Rxa8 Rxa8 36. Rc1 Qb7 37. Qg4 Bd7 38. Qh4 Qa7 39. Rf1 Qxa2+ 40. Kc1
Qa1+ 41. Nb1 Rc8+ 42. Kd1 Qxb2 43. Nd2 Rc1+ 44. Ke2 Rxf1 0-1

[Event "WECU Championship"]
[Site "Exmouth"]
[Date "2003.04.19"]
[Round "3"]
[White "Littlejohns, David"]
[Black "Pleasants, Allan J"]
[Result "0-1"]
[WhiteElo "1880"]
[BlackElo "2000"]
[PlyCount "66"]
[EventDate "2003.??.??"]

1. e4 d5 2. exd5 Nf6 3. Nc3 Nxd5 4. Nxd5 Qxd5 5. Nf3 Bg4 6. Be2 Nc6 7. h3 Bh5
8. O-O O-O-O 9. d3 Bg6 10. Be3 e5 11. Nd2 Nd4 12. Bxd4 Qxd4 13. Bf3 f5 14. Qc1
Kb8 15. Nb3 Qb6 16. Qe3 Bd6 17. Qxb6 axb6 18. a4 Bf7 19. Nc1 g5 20. Na2 h5 21.
Nc3 Bc5 22. g3 g4 23. hxg4 h4 24. Kg2 fxg4 25. Bxg4 Rdg8 26. Bf3 Be6 27. Rh1
h3+ 28. Kf1 Rf8 29. Ke2 Bxf2 30. Kxf2 Bg4 31. Ne2 Rxf3+ 32. Ke1 Rhf8 33. Rh2
Rf1+ 0-1

[Event "WECU Championship"]
[Site "Exmouth"]
[Date "2003.04.19"]
[Round "3"]
[White "Cutmore, DA."]
[Black "Bareham, DC."]
[Result "1-0"]
[WhiteElo "1848"]
[BlackElo "1920"]
[PlyCount "61"]
[EventDate "2003.??.??"]

1. d4 d5 2. c4 e6 3. Nc3 Nf6 4. cxd5 exd5 5. Bg5 Be7 6. Qc2 O-O 7. e3 Nbd7 8.
Bd3 Re8 9. Nf3 c6 10. h3 Nf8 11. Bf4 b6 12. Ne5 Bb7 13. O-O Bd6 14. f3 Ne6 15.
Bh2 Bf8 16. Rad1 g6 17. f4 Bg7 18. f5 Nf8 19. fxg6 hxg6 20. Bf4 Re7 21. Bg5
N8h7 22. Bh4 Qd6 23. e4 dxe4 24. Bxe4 g5 25. Rxf6 Nxf6 26. Bxg5 Ree8 27. Qf2
Rad8 28. Bc2 c5 29. Bb3 Re7 30. Nb5 Qb8 31. Bxf6 1-0

[Event "WECU Championship"]
[Site "Exmouth"]
[Date "2003.04.19"]
[Round "3"]
[White "Crouch, C."]
[Black "Moore, Gerald"]
[Result "0-1"]
[WhiteElo "2344"]
[BlackElo "2216"]
[PlyCount "120"]
[EventDate "2003.??.??"]

1. d4 Nf6 2. c4 g6 3. Nc3 d5 4. cxd5 Nxd5 5. e4 Nxc3 6. bxc3 Bg7 7. Nf3 c5 8.
Rb1 O-O 9. Be2 b6 10. O-O Bb7 11. e5 cxd4 12. cxd4 Na6 13. Be3 Nc7 14. Qd2 Qd7
15. Bh6 Rad8 16. Bxg7 Kxg7 17. Rfd1 Ne6 18. Rb4 Bd5 19. Kh1 Rc8 20. a4 Rc7 21.
Ng5 f6 22. Nxe6+ Qxe6 23. Qe3 Rfc8 24. exf6+ Qxf6 25. f3 Rc3 26. Rd3 Rc1+ 27.
Rd1 Qe6 28. Qxe6 Bxe6 29. Rg1 R8c7 30. h3 R1c2 31. Bd3 Rd2 32. Be4 Rd7 33. Rc1
Kf6 34. a5 R2xd4 35. Rxd4 Rxd4 36. axb6 axb6 37. Rb1 Rd6 38. Kh2 Bf5 39. Rb5
Bxe4 40. fxe4 Ke6 41. Kg3 Kd7 42. Kf4 Kc6 43. Rb2 b5 44. g4 Kc5 45. Rc2+ Kd4
46. e5 Rb6 47. Rc7 b4 48. Rxe7 b3 49. Rxh7 b2 50. Rd7+ Kc5 51. Rd1 b1=Q 52.
Rxb1 Rxb1 53. Kg5 Rb6 54. h4 Kd5 55. h5 gxh5 56. gxh5 Ke6 57. Kg6 Rb1 58. h6
Rg1+ 59. Kh7 Kxe5 60. Kh8 Kf6 0-1

[Event "WECU Championship"]
[Site "Exmouth"]
[Date "2003.04.19"]
[Round "3"]
[White "Rudd, Jack"]
[Black "Turner, Matthew"]
[Result "0-1"]
[WhiteElo "2200"]
[BlackElo "2496"]
[PlyCount "70"]
[EventDate "2003.??.??"]

1. d4 Nf6 2. Nf3 e6 3. Bf4 b6 4. h3 Bb7 5. e3 g6 6. c4 Bg7 7. Nc3 d6 8. Be2 O-O
9. O-O Nbd7 10. Bh2 Ne4 11. Nxe4 Bxe4 12. Rc1 e5 13. d5 Bxf3 14. Bxf3 a5 15. b3
f5 16. Qc2 e4 17. Be2 Be5 18. a3 Qg5 19. b4 axb4 20. axb4 Bxh2+ 21. Kxh2 Rae8
22. g3 Re7 23. Ra1 h5 24. h4 Qf6 25. Kg2 Ne5 26. c5 bxc5 27. bxc5 g5 28. hxg5
Qxg5 29. Rh1 Rh7 30. Ra7 h4 31. cxd6 hxg3 32. Rxh7 gxf2+ 33. Kxf2 f4 34. exf4
e3+ 35. Kxe3 Qxf4# 0-1

[Event "WECU Championship"]
[Site "Exmouth"]
[Date "2003.04.19"]
[Round "3"]
[White "Wilkinson, John R"]
[Black "Sapiecha, Michael W"]
[Result "1/2-1/2"]
[WhiteElo "1880"]
[BlackElo "1864"]
[PlyCount "108"]
[EventDate "2003.??.??"]

1. d4 e6 2. c4 c5 3. d5 d6 4. Nc3 Nf6 5. Nf3 exd5 6. cxd5 Bf5 7. Bg5 Be7 8. e3
h6 9. Bh4 Nbd7 10. h3 a6 11. a4 O-O 12. Bd3 Bxd3 13. Qxd3 b5 14. axb5 axb5 15.
O-O Rxa1 16. Rxa1 b4 17. Na4 Nb6 18. Nxb6 Qxb6 19. Nd2 Qb7 20. e4 Ra8 21. Rxa8+
Qxa8 22. Nc4 Qa6 23. Bg3 Nh5 24. Bh2 g5 25. e5 Qa1+ 26. Qf1 Qxf1+ 27. Kxf1 dxe5
28. Bxe5 Kf8 29. d6 Bd8 30. d7 Ke7 31. Bd6+ Kxd7 32. Bxc5 Be7 33. Ne5+ Ke6 34.
Bxe7 Kxe7 35. Nc6+ Kd6 36. Nxb4 Nf4 37. Na2 Kc5 38. Nc1 f5 39. Kg1 h5 40. Kh2
Kc4 41. g3 Ne6 42. Kg2 Nd4 43. f3 Nc2 44. Kf2 Kd4 45. Ke2 Nb4 46. Nb3+ Kc4 47.
Nd2+ Kd4 48. g4 Nd5 49. gxh5 Nf4+ 50. Kf2 Nxh5 51. b3 Nf4 52. Kg3 Ne2+ 53. Kf2
Nf4 54. Kg3 Ne2+ 1/2-1/2

[Event "WECU Championship"]
[Site "Exmouth"]
[Date "2003.04.19"]
[Round "3"]
[White "Abbott, MV."]
[Black "Neat, Roger J"]
[Result "1-0"]
[WhiteElo "1776"]
[BlackElo "1568"]
[PlyCount "69"]
[EventDate "2003.??.??"]

1. d4 d5 2. Nf3 Nf6 3. e3 Bg4 4. c4 c6 5. Qb3 Qc8 6. Ne5 e6 7. Nc3 Nbd7 8. cxd5
exd5 9. Nxg4 Nxg4 10. h3 Ngf6 11. Bd3 Bd6 12. Bd2 O-O 13. O-O Re8 14. Qc2 Nf8
15. a3 a5 16. Rab1 Qc7 17. b4 axb4 18. axb4 b5 19. f3 Nh5 20. Ne2 Ra4 21. e4
dxe4 22. fxe4 Ng3 23. Nxg3 Bxg3 24. d5 Qa7+ 25. Qc5 Qxc5+ 26. bxc5 Ra2 27. Bb4
cxd5 28. exd5 Re5 29. Bxb5 Rg5 30. Bc4 Bh2+ 31. Kh1 Raxg2 32. Bc3 Rc2 33. Rbc1
Rcg2 34. d6 Rg6 35. Bxf7+ 1-0

[Event "WECU Championship"]
[Site "Exmouth"]
[Date "2003.04.19"]
[Round "4.1"]
[White "Turner, Matthew"]
[Black "Moore, Gerald"]
[Result "1-0"]
[WhiteElo "2496"]
[BlackElo "2216"]
[PlyCount "55"]
[EventDate "2003.??.??"]

1. c4 g6 2. g3 Bg7 3. Bg2 Nf6 4. d4 d5 5. cxd5 Nxd5 6. Nc3 Nxc3 7. bxc3 c5 8.
Nf3 Nc6 9. e3 O-O 10. O-O Be6 11. Ba3 b6 12. dxc5 Bc4 13. Qxd8 Rfxd8 14. Nd4
Nxd4 15. cxd4 Bxf1 16. Bxa8 Rxa8 17. Kxf1 e6 18. Rc1 Bf8 19. g4 Be7 20. Rc3 Kf8
21. Ke2 Ke8 22. h3 b5 23. Bb4 a5 24. Ra3 a4 25. e4 Rc8 26. Rc3 Bf6 27. Rd3 Be7
28. d5 1-0